000 01088nam a22002177a 4500
003 OSt
005 20170331143723.0
008 150409b2013 slv spa
040 _cCRI
082 _a001.4
100 _940973
_aBonilla de Hernández, Elsa Beatriz
245 1 0 _aWay in which the family atmosphere affects in the academic achievement of students at Centro Escolar Caserío Frailes.
_b: Investigación
_cElsa Beatriz Bonilla de Hernández, Jaquelin Carolina Ramírez de Moz, José Neri Hernández Beltrán
260 _aIlobasco (Cabañas)
_bUniversidad Católica de El Salvador Centro Regional de Ilobasco
_c2016
300 _a63 p.
_c27.5 cm
_e+ 1 disco compacto
502 _aTrabajo de Graduación para optar al título de Licenciado en Ciencias de la educación con especialidad en idioma inglés.
650 0 _92258
_aInvestigación
700 _940974
_aRamírez de Moz, Jaquelin Carolina
700 _940975
_aHernández Beltrán, José Neri
710 _940915
_aUniversidad Católica de El Salvador
_bCentro Regional de Ilobasco
942 _2ddc
_cTG
_hprozim
999 _c27468
_d27468